|
|
|
|
| LEADER |
00000nam a2200000 a 4500 |
| 001 |
vtls001225145 |
| 003 |
SK-MaSNL |
| 005 |
20260301112715.0 |
| 008 |
251113s1983 DE a b 0 ger |
| 020 |
|
|
|a 345355079X
|c [199,00]
|
| 035 |
|
|
|a SNK000172001
|
| 040 |
|
|
|a SNK
|b slo
|c SNK
|e AACR2
|
| 044 |
|
|
|a DE
|
| 080 |
|
|
|a 929 František Jozef I., cisár rakúsky
|2 1981
|
| 100 |
1 |
|
|a Herre, Franz,
|d 1926-
|4 aut
|9 122883
|
| 245 |
1 |
|
|a Kaiser Franz Joseph von Österreich
|b sein Leben - seine Zeit
|c Franz Herre
|
| 250 |
|
|
|a 2. Aufl.
|
| 260 |
|
|
|a München
|b Wilhelm Heyne
|c [1983]
|
| 300 |
|
|
|a 529 s., [16] s. obr. príl.
|c 18 cm
|
| 490 |
1 |
|
|a Heyne Biographien
|v 78
|
| 600 |
0 |
|
|a František Jozef
|b I.,
|c rakúsky cisár,
|d 1830-1916
|2 SNK
|9 239878
|
| 830 |
|
0 |
|a Heyne Biographien
|9 453813
|
| 919 |
|
|
|a 3-453-55079-X
|
| 958 |
|
|
|a OND
|
| 999 |
|
|
|c 711321
|d 713251
|
| 952 |
|
|
|t P60, <04>, [BOOK], {604}
|a SNK
|b SNK
|y VYP
|7 0
|p 17A0027530
|o snkID 96024
|i snkV 133/97
|0 0
|1 0
|4 0
|d 1997-01-10
|l 0
|r 2005-01-01 00:00:00
|w 2026-02-23
|